| 000 | 00511nam a2200217Ia 4500 | ||
|---|---|---|---|
| 005 | 20250425161530.0 | ||
| 008 | 250425s9999 xx 000 0 und d | ||
| 020 | _a8420504297 | ||
| 041 | _aspa | ||
| 082 | _a546 | ||
| 100 | _aGARCÍA FERNÁNDEZ, E. | ||
| 245 | 0 | _aQUÍMICA HETEROCÍCLICA INORGÁNICA | |
| 250 | _a1A ED. | ||
| 260 |
_aEspaña _bS.E. _c1973 |
||
| 260 | _aMADRID | ||
| 300 | _a444 | ||
| 650 | _aQUIMICA HETERCOCILCICA INORGANICA | ||
| 710 | _aS.A. | ||
| 942 | _c01 | ||
| 010 | _a22434 | ||
| 999 |
_c211089 _d211089 |
||